One Inter Milan Player by Nation - Statistics

General Stats
  • This quiz has been taken 3,038 times
    721 since last reset
  • The average score is 18 of 21
Answer Stats
Nation Player % Correct
Italy Giuseppe Bergomi | Danilo D'Ambrosio | Nicola Berti | +157 others
100%
Argentina Javier Zanetti | Esteban Cambiasso | Lautaro Martínez | +28 others
99%
Brazil Júlio César | Maicon | Adriano | +26 others
99%
France Benoît Cauet | Youri Djorkaeff | Laurent Blanc | +16 others
96%
Netherlands Stefan de Vrij | Wesley Sneijder | Aron Winter | +8 others
96%
Chile Iván Zamorano | Gary Medel | Alexis Sánchez | +3 others
92%
Portugal Luís Figo | João Mário | Sérgio Conceição | +7 others
89%
Croatia Marcelo Brozović | Ivan Perišić | Mateo Kovačić | +4 others
88%
Uruguay Álvaro Recoba | Matías Vecino | Rubén Sosa | +9 others
86%
Cameroon Samuel Eto'o | Pierre Womé | André Onana | +1 other
86%
Turkey Emre Belözoğlu | Hakan Çalhanoğlu | Hakan Şükür | +1 other
85%
Belgium Romelu Lukaku | Radja Nainggolan | Gaby Mudingayi | +2 others
85%
Switzerland Yann Sommer | Ciriaco Sforza | Xherdan Shaqiri | +1 other
82%
Germany Jürgen Klinsmann | Andreas Brehme | Lothar Matthäus | +7 others
81%
Romania Cristian Chivu | Adrian Mutu | George Pușcaș | +3 others
78%
Colombia Iván Córdoba | Fredy Guarín | Jeison Murillo | +2 others
78%
Serbia Dejan Stanković | Zdravko Kuzmanović | Vladimir Jugović | +5 others
75%
Nigeria Obafemi Martins | Joel Obi | Taribo West | +5 others
72%
Ghana Sulley Muntari | Kwadwo Asamoah | Alfred Duncan | +1 other
66%
England Paul Ince | Ashley Young
65%
Spain Borja Valero | Javier Farinós | Martín Montoya | +1 other
57%
No matching quizzes found
Score Distribution
Percent of People with Each Score
Percentile by Number Answered
Your Score History
You have not taken this quiz since the last reset